[Event "Adelaide Interclub-B"]
[Site "Adelaide"]
[Date "2008.06.10"]
[Round "7.4"]
[White "Morrissey, Kate"]
[Black "Eime, Roland"]
[Result "1/2-1/2"]
[WhiteElo "683"]
[BlackElo "1408"]
[PlyCount "58"]
[EventDate "2008.04.29"]
[EventType "team-tourn"]
[EventRounds "9"]
[EventCountry "AUS"]
[SourceTitle "EXT 2010"]
[Source "ChessBase"]
[SourceDate "2010.11.25"]
[SourceVersion "1"]
[SourceVersionDate "2010.11.25"]
[SourceQuality "1"]

1. e4 e6 2. Nf3 d5 3. Nc3 dxe4 4. Nxe4 Nf6 5. Nxf6+ Qxf6 6. d4 h6 7. Bc4 Bd6 8. 0-0 0-0 9. Re1 Nd7 10. d5 Nb6 11. Bb3 exd5 12. Bxd5 Nxd5 13. Qxd5 c6 14. Qd3 Bf5 15. Qe3 Bxc2 16. Bd2 Bc7 17. Qe7 Qxe7 18. Rxe7 Rac8 19. Rae1 Bg6 20. Bb4 f6 21. Nd4 Rfe8 22. g3 Be5 23. Ne6 Rxe7 24. Bxe7 Kf7 25. Nxg7 Kxe7 26. f4 Kf7 27. Nf5 Bxf5 28. fxe5 Re8 29. Kf2 Rxe5 1/2-1/2

[Event "Adelaide Interclub-B"]
[Site "Adelaide"]
[Date "2008.05.13"]
[Round "3.4"]
[White "Morrissey, Kate"]
[Black "Carter, Morgan"]
[Result "1-0"]
[WhiteElo "683"]
[BlackElo "384"]
[PlyCount "59"]
[EventDate "2008.04.29"]
[EventType "team-tourn"]
[EventRounds "9"]
[EventCountry "AUS"]
[SourceTitle "EXT 2010"]
[Source "ChessBase"]
[SourceDate "2010.11.25"]
[SourceVersion "1"]
[SourceVersionDate "2010.11.25"]
[SourceQuality "1"]

1. e4 c5 2. Nf3 g6 3. b4 Bg7 4. c3 cxb4 5. d4 bxc3 6. Nxc3 e6 7. Bc4 Ne7 8. 0-0 0-0 9. Bb2 a6 10. d5 b5 11. Bb3 b4 12. d6 Nec6 13. Na4 Bxb2 14. Nxb2 Qf6 15. Nc4 a5 16. e5 Qg7 17. Re1 Na6 18. Nb6 Ra7 19. Rc1 f6 20. Qe2 fxe5 21. Nxe5 Nxe5 22. Qxe5 Qf7 23. f3 Bb7 24. Nxd7 Qxd7 25. Bxe6+ Qxe6 26. Qxe6+ Kh8 27. d7 Nc7 28. Rxc7 Rd8 29. Qf6+ Kg8 30. Re8+ 1-0

[Event "AUS-ch U18 Girls"]
[Site "Adelaide"]
[Date "2003.01.14"]
[Round "2"]
[White "Eldridge Smith, Veronique"]
[Black "Morrissey, Kate"]
[Result "1-0"]
[WhiteElo "936"]
[BlackElo "682"]
[PlyCount "49"]
[EventDate "2003.01.??"]
[EventType "swiss"]
[EventRounds "11"]
[EventCountry "AUS"]
[SourceTitle "EXT 2006"]
[Source "ChessBase"]
[SourceDate "2005.11.24"]
[SourceVersion "1"]
[SourceVersionDate "2005.11.24"]
[SourceQuality "1"]

1. e4 e5 2. Nf3 Nc6 3. Bb5 Nf6 4. d3 Bc5 5. 0-0 d5 6. Bxc6+ bxc6 7. exd5 cxd5 8. Nxe5 0-0 9. Bg5 Re8 10. d4 Bd6 11. Re1 Bb7 12. c3 c5 13. Nd2 h6 14. Bh4 Re6 15. Ng4 Rxe1+ 16. Qxe1 Be7 17. Nxf6+ Bxf6 18. Bxf6 Qxf6 19. dxc5 Rc8 20. Nb3 Qg6 21. Qe7 Bc6 22. Nd4 Re8 23. Nxc6 Ra8 24. Qb7 Rf8 25. Ne7+ 1-0